Непочаті рудники: твори І. С. Нечуя-Левицького (Запис № 313947)

МАРК-запис
000 -Лідер
fixed length control field 00738nam a22002297a 4500
001 - Контрольний номер
control field 27598
003 - Ідентифікатор контрольного номера
control field UA-OsUOA
005 - Дата та час останнього входження (трансакції)
control field 20210729153723.0
007 - Фіксоване поле фізичного опису
fixed length control field ta
008 - Елементи даних фіксованої довжини – загальна інформація
fixed length control field 20040908b un ||||| |||| 00| 0 ukr d
020 ## - Міжнародний стандартний книжковий номер (ISBN)
Міжнародний стандартний книжковий номер (ISBN) (НП) 9668066294
040 ## - Джерело каталогізації
Агенція оригінальної каталогізації UA-OsUOA
Агенція, яка здійснювала перезапис UA-OsUOA
Агенція, яка здійснювала модифікацію UA-OsUOA
Мова каталогізації ukr
041 ## - Код мови
Код мови тексту/ звукової доріжки чи окремого заголовка (П) ukr
080 ## - Індекс Універсальної десяткової класифікації
Індекс Універсальної десяткової класифікації (УДК) (НП) 821.161.2(075.3)
090 ## - Локальний шифр розміщення
Класифікаційний індекс УДК 821.161.2(075.3)
Авторський знак (НП) Н59
245 ## - Відомості про назву
Назва (НП) Непочаті рудники: твори І. С. Нечуя-Левицького
Решта назви (НП) навч. посібник: в 2-х книгах
Дані про відповідальність (НП) упор., пердм. і комент. Ю. Ф. Ярмиша
Номер частини/ розділу роботи (П) Кн. 2
260 ## - Публікація, розповсюдження і т.п. (Вихідні дані)
Місце публікації, розповсюдження і т.п. (П) Київ
Ім’я/ наймення видавництва, розповсюджувача і т.п. (П) Грамота
Дата публікації, розповсюдження і т.п. (П) 2003
300 ## - Фізичний опис
Обсяг 536 с.
650 #7 - Додаткове предметне введення – тематичний термін
Джерело заголовка чи терміна UDC
Тематичний термін чи географічна назва, як елемент введення (НП) 82 Література
942 ## - Додаткові елементи входу (Коха)
Тип елемента Koha Книги
Source of classification or shelving scheme Universal Decimal Classification
955 ## - Код типу видання за змістом
Код типу видання за змістом (НП) Навчальні видання
Фонди
Стан вилучень Стан втрат Джерело класифікації або схеми стелажів Стан уражень Не для кредиту Постійне місце розташування Поточне розміщення Дата придбання Вартість, звичайна ціна покупки Інвентарний номер Усього замовленно Повний номер виклику Штрих-код Дата останнього перегляду Ціна ефективна від Тип елемента Koha
    Universal Decimal Classification     АБ - Абонемент НБ АБ - Абонемент НБ 08/09/2004 8.28 93336   821.161.2(075.3) Н59 93336 01/04/2022 08/09/2004 Книги
    Universal Decimal Classification     АБ - Абонемент НБ АБ - Абонемент НБ 08/09/2004 8.28 93337   821.161.2(075.3) Н59 93337 01/04/2022 08/09/2004 Книги
    Universal Decimal Classification     АБ - Абонемент НБ АБ - Абонемент НБ 08/09/2004 8.28 93338   821.161.2(075.3) Н59 93338 01/04/2022 08/09/2004 Книги